Les 50 plus grandes communes du Finistère, par habitants - Statistiques

Statistiques générales
  • Ce quiz a été pris 279 fois
  • Le résultat moyen est 22 sur 50
Statistiques - réponses
Place Commune Nombre d'habitants % Correct
1 Brest 140547
99%
2 Quimper 63235
98%
4 Morlaix 15549
91%
3 Concarneau 18826
85%
6 Douarnenez 14815
83%
5 Landerneau 15148
83%
9 Quimperlé 12156
76%
19 Carhaix-Plouguer 7541
75%
35 Châteaulin 5217
74%
7 Guipavas 13414
72%
8 Plougastel-Daoulas 13264
72%
17 Crozon 7751
70%
12 Landivisiau 9176
65%
50 Audierne 3751
60%
10 Plouzané 11928
59%
14 Pont-l'Abbé 8432
57%
13 Fouesnant 9143
54%
18 Saint-Renan 7612
53%
22 Lesneven 7125
51%
25 Saint-Pol-de-Léon 6804
51%
11 Le Relecq-Kerhuon 10849
48%
28 Gouesnou 6024
45%
20 Guilers 7430
44%
15 Plabennec 8244
44%
27 Ploudalmézeau 6288
41%
16 Ergué-Gabéric 8144
40%
21 Rosporden 7334
39%
32 Briec 5441
38%
26 Plouguerneau 6373
35%
34 Lannilis 5320
34%
30 Penmarc'h 5664
31%
24 Trégunc 6905
30%
33 Scaër 5331
27%
45 Loctudy 4069
26%
48 Plougonvelin 3828
25%
38 Saint-Martin-des-Champs 4714
23%
40 Milizac-Guipronvel 4213
22%
23 Moëlan-sur-Mer 6981
22%
46 Pont-de-Buis-lès-Quimerch 3887
19%
31 Bannalec 5513
18%
36 Locmaria-Plouzané 4816
17%
41 Plomelin 4129
17%
37 Plouigneau 4799
17%
43 Plouhinec 4114
16%
42 Riec-sur-Bélon 4115
16%
29 Plonéour-Lanvern 5929
15%
49 Plomeur 3770
13%
44 Clohars-Carnoët 4072
12%
47 Cléder 3844
11%
39 Plourin-lès-Morlaix 4372
10%
Aucun quiz correspondant
Distribution des résultats
% des personnes avec chaque résultat
Percentile par nombre de réponses
Votre historique - résultats
Vous n’avez pas pris ce quiz